| 000 | 00350nam a2200121Ia 4500 | ||
|---|---|---|---|
| 008 | 160523s9999 xx 000 0 und d | ||
| 100 | _aSeguin, Karl. | ||
| 245 | 4 | _aThe Little Introduction To Programming | |
| 245 | _cKarl Seguin. | ||
| 260 | _c2012 | ||
| 650 | _xInformation Technology. | ||
| 856 | _uhttp://codingintro.com/chapter/en/1/introduction | ||
| 999 |
_c294756 _d294756 |
||